000 00765nam a2200205 a 4500
001 000031692
005 20200930063116.0
008 100217s1998 dr 000 0 spa d
040 _aDO-SdBNP
_bspa
_cBNPHU
082 _a342.7293023
_bR426c, 1998
100 1 _aRepública Dominicana.
_935843
240 1 0 _aConstitución
245 1 0 _aConstitución de la República Dominicana :
_bpuesta en vigor en Santo Domingo el día 4 de agosto del año 1994.
260 _aMoca, República Dominicana :
_bDalís,
_c1998.
300 _a28 p. ;
_c21 cm.
590 _aInventariado, 2018/ YL
651 4 _aRepública Dominicana
_xConstitución (1994{Rpara}
_935348
651 4 _aRepública Dominicana
_xDerecho Constitucional
_99303
910 _aValidado. Control de calidad EMS
999 _c31184
_d31184